Introduction to voltammetric analysis : Theory and practice
Gespeichert in:
| 1. Verfasser: | |
|---|---|
| Format: | Buch |
| Sprache: | Undetermined |
| Veröffentlicht: |
Collingwood, Ausralia
CSIRO
2001
|
| Schlagworte: | |
| Tags: |
Tag hinzufügen
Keine Tags, Fügen Sie den ersten Tag hinzu!
|
| Thư viện lưu trữ: | Trung tâm Học liệu Trường Đại học Cần Thơ |
|---|
| LEADER | 00568nam a2200205Ia 4500 | ||
|---|---|---|---|
| 001 | CTU_98624 | ||
| 008 | 210402s9999 xx 000 0 und d | ||
| 020 | |c 78.00 | ||
| 082 | |a 543.0871 | ||
| 082 | |b T456 | ||
| 100 | |a Thomas, F. G. | ||
| 245 | 0 | |a Introduction to voltammetric analysis : | |
| 245 | 0 | |b Theory and practice | |
| 245 | 0 | |c F. G. Thomas, G. Henze | |
| 260 | |a Collingwood, Ausralia | ||
| 260 | |b CSIRO | ||
| 260 | |c 2001 | ||
| 650 | |a Electrochemical analysis,Voltammetry | ||
| 904 | |i Minh | ||
| 980 | |a Trung tâm Học liệu Trường Đại học Cần Thơ | ||